[Event "ENG-ch Schools Final"]
[Site "Staffordshire"]
[Date "2022.06.30"]
[Round "1.1"]
[White "Munshi, Aditya"]
[Black "Pert, Nina P"]
[Result "1-0"]
[WhiteElo "2035"]
[BlackElo "1672"]
[PlyCount "93"]
[EventDate "2022.06.30"]
[EventType "swiss"]
[EventRounds "5"]
[EventCountry "ENG"]
[SourceTitle "EXT 2023"]
[Source "ChessBase"]
[SourceDate "2022.10.05"]
[SourceVersion "1"]
[SourceVersionDate "2022.10.05"]
[SourceQuality "1"]

1. e4 c6 2. Nf3 d5 3. Nc3 dxe4 4. Nxe4 Nf6 5. Qe2 Nxe4 6. Qxe4 Qa5 7. Bc4 Bf5 8. Qf4 e6 9. c3 Nd7 10. d4 Be7 11. 0-0 0-0 12. Re1 Nf6 13. Bb3 Nd5 14. Qd2 Rad8 15. Qe2 Qc7 16. Ne5 Bd6 17. g3 Rfe8 18. Nc4 Be7 19. Bd2 a6 20. Rad1 c5 21. Rc1 Bf6 22. Ne5 Bxe5 23. dxe5 Nb6 24. c4 Rd7 25. Ba5 Bd3 26. Qf3 Red8 27. Red1 Rd4 28. Bc3 R4d7 29. Ba5 Rd4 30. Rc3 Be4 31. Qe2 Qc6 32. Re1 Bd3 33. Qe3 R8d7 34. h4 Nxc4 35. Bxc4 Bxc4 36. b3 Qb5 37. Rxc4 Rxc4 38. bxc4 Qxa5 39. Ra1 h6 40. Kh2 Rd4 41. Rb1 Qxa2 42. Rxb7 Qxc4 43. Qf3 Rg4 44. Qxf7+ Kh7 45. Rb6 Rg6 46. h5 Rg5 47. Rb8 1-0

[Event "Leamington Spa 4NCL op 25th"]
[Site "Leamington Spa"]
[Date "2021.07.11"]
[Round "5"]
[White "Munshi, Aditya"]
[Black "Adams, Mark"]
[Result "1-0"]
[WhiteElo "2069"]
[BlackElo "1944"]
[PlyCount "89"]
[EventDate "2021.07.09"]
[EventType "swiss"]
[EventRounds "5"]
[EventCountry "ENG"]
[SourceTitle "CBM 203 Extra"]
[Source "ChessBase"]
[SourceDate "2021.09.30"]
[SourceVersion "1"]
[SourceVersionDate "2021.09.30"]
[SourceQuality "1"]

1. e4 c5 2. Nf3 a6 3. c3 e6 4. d4 d5 5. e5 Be7 6. Bd3 Nc6 7. 0-0 h5 8. dxc5 Bxc5 9. Nbd2 Qc7 10. Nb3 Ba7 11. Qe2 Bd7 12. Nbd4 Nge7 13. Bd2 0-0-0 14. b4 Nxd4 15. cxd4 Kb8 16. Rfc1 Nc6 17. a4 Qb6 18. a5 Qc7 19. b5 axb5 20. Bxb5 Rc8 21. a6 b6 22. Rc2 Qd8 23. Rac1 Qe8 24. Rb2 Ka8 25. h3 f6 26. Rbc2 Ne7 27. Rxc8+ Nxc8 28. Bd3 Bb8 29. Rb1 Ka7 30. Bc3 h4 31. Qb2 Bc7 32. Nd2 Bc6 33. f4 Qd8 34. Nf3 Qe7 35. Bb4 Qd8 36. Qc2 Ba8 37. Rc1 Bb8 38. Bb5 fxe5 39. dxe5 d4 40. Qd3 g5 41. Nxd4 Qd5 42. Bc6 Bxc6 43. Nxc6+ Ka8 44. Qxd5 exd5 45. f5 1-0

[Event "Leamington Spa 4NCL op 25th"]
[Site "Leamington Spa"]
[Date "2021.07.10"]
[Round "3"]
[White "Munshi, Aditya"]
[Black "Stoica, Savas Marin"]
[Result "0-1"]
[WhiteElo "2069"]
[BlackElo "1833"]
[PlyCount "107"]
[EventDate "2021.07.09"]
[EventType "swiss"]
[EventRounds "5"]
[EventCountry "ENG"]
[SourceTitle "CBM 203 Extra"]
[Source "ChessBase"]
[SourceDate "2021.09.30"]
[SourceVersion "1"]
[SourceVersionDate "2021.09.30"]
[SourceQuality "1"]

1. e4 c5 2. Nf3 Nc6 3. Bb5 g6 4. Bxc6 bxc6 5. 0-0 Bg7 6. Re1 Nh6 7. c3 0-0 8. d4 cxd4 9. cxd4 f6 10. Nc3 Nf7 11. h3 d6 12. Be3 Bd7 13. Qd2 Qc7 14. Rac1 Qb7 15. b3 Rad8 16. Red1 Qb8 17. Qe2 f5 18. Nd2 e6 19. f3 g5 20. Na4 Qb5 21. Nc4 f4 22. Bf2 Rfe8 23. Qe1 h5 24. Rc2 Bf8 25. Ncb2 e5 26. d5 c5 27. Rd3 Qa6 28. Nc3 Be7 29. Nc4 Rb8 30. Kh1 Kh7 31. Qe2 Rg8 32. Qe1 Bd8 33. Kg1 g4 34. hxg4 hxg4 35. fxg4 Ng5 36. Bh4 Kg6 37. Kf2 Bxg4 38. Na4 Rh8 39. Bxg5 Bxg5 40. Qd2 Rh1 41. Nxc5 Bh4+ 42. g3 fxg3+ 43. Rxg3 Qc8 44. Nxd6 Qf8+ 45. Nf5 Rh2+ 46. Ke3 Bg5+ 47. Kd3 Rxd2+ 48. Rxd2 Bxd2 49. Rxg4+ Kf7 50. Ne6 Qb4 51. Rg7+ Kf6 52. d6 Kxe6 53. Re7+ Kf6 54. Rg7 0-1

[Event "BCF-chT2b 1920 (4NCL)"]
[Site "Daventry"]
[Date "2020.02.09"]
[Round "6.83"]
[White "Munshi, Aditya"]
[Black "Berry, Neil"]
[Result "1/2-1/2"]
[WhiteElo "2144"]
[BlackElo "2269"]
[PlyCount "58"]
[EventDate "2020.01.11"]
[EventType "team-tourn"]
[EventRounds "11"]
[EventCountry "ENG"]
[SourceTitle "CBM 194 Extra"]
[Source "ChessBase"]
[SourceDate "2020.03.31"]
[SourceVersion "1"]
[SourceVersionDate "2020.03.31"]
[SourceQuality "1"]
[WhiteTeam "Grantham Sharks II"]
[BlackTeam "Alba"]
[WhiteTeamCountry "ENG"]
[BlackTeamCountry "ENG"]

1. e4 e5 2. Nf3 Nc6 3. Bc4 Nf6 4. d3 Bc5 5. c3 a6 6. 0-0 d6 7. Nbd2 Ba7 8. Bb3 0-0 9. h3 h6 10. Re1 Re8 11. Nf1 Be6 12. Ng3 Bxb3 13. Qxb3 Qd7 14. Be3 Bxe3 15. Rxe3 d5 16. exd5 Nxd5 17. Ree1 Nf4 18. Rad1 Qe6 19. Qxe6 Rxe6 20. Re4 g6 21. Nxe5 Nxh3+ 22. gxh3 Rxe5 23. d4 Rxe4 24. Nxe4 Kg7 25. Kg2 Kf8 26. Kf3 a5 27. Nc5 b6 28. Nd3 g5 29. Re1 Re8 1/2-1/2

[Event "Newcastle Northumbria Masters"]
[Site "Newcastle on Tyne"]
[Date "2019.08.26"]
[Round "6"]
[White "Munshi, Aditya"]
[Black "Villiers, Thomas"]
[Result "1-0"]
[WhiteElo "2113"]
[BlackElo "2201"]
[PlyCount "69"]
[EventDate "2019.08.23"]
[EventType "swiss"]
[EventRounds "9"]
[EventCountry "ENG"]
[SourceTitle "EXT 2020"]
[Source "ChessBase"]
[SourceDate "2019.10.17"]
[SourceVersion "1"]
[SourceVersionDate "2019.10.17"]
[SourceQuality "1"]

1. e4 e6 2. d4 d5 3. Nd2 Nf6 4. e5 Nfd7 5. Bd3 c5 6. c3 Nc6 7. Ne2 cxd4 8. cxd4 f6 9. exf6 Nxf6 10. Nf3 Bd6 11. 0-0 Qc7 12. Nc3 a6 13. Bd2 0-0 14. Rc1 h6 15. h3 Nh5 16. Bb1 Nf4 17. Na4 Bd7 18. Nc5 Rf6 19. Ne5 Nxe5 20. dxe5 Bxe5 21. Nxe6 Nxh3+ 22. gxh3 Qb6 23. Nc5 Bxh3 24. Qh5 Bxf1 25. Qxe5 Bc4 26. Be3 Qc6 27. b3 Re8 28. Qg3 Be2 29. Bd4 Bf3 30. Bxf6 Qxf6 31. Qg6 Qxg6+ 32. Bxg6 Re5 33. Ne6 Rxe6 34. Rc8+ Re8 35. Rxe8# 1-0

[Event "Dieren op"]
[Site "Dieren"]
[Date "2019.07.27"]
[Round "5"]
[White "Munshi, Aditya"]
[Black "Van Hoorn, Geert"]
[Result "1-0"]
[WhiteElo "2125"]
[BlackElo "2010"]
[PlyCount "74"]
[EventDate "2019.07.23"]
[EventType "swiss"]
[EventRounds "9"]
[EventCountry "NED"]
[SourceTitle "CBM 191 Extra"]
[Source "ChessBase"]
[SourceDate "2019.09.30"]
[SourceVersion "1"]
[SourceVersionDate "2019.09.30"]
[SourceQuality "1"]

1. e4 c5 2. Nf3 d6 3. Bb5+ Bd7 4. Bxd7+ Qxd7 5. c4 e5 6. Nc3 g6 7. 0-0 Bg7 8. a3 Ne7 9. b4 0-0 10. bxc5 dxc5 11. d3 Nbc6 12. Nd5 f5 13. Bg5 Nxd5 14. cxd5 Nd4 15. Nxd4 exd4 16. Qb3 fxe4 17. dxe4 b5 18. a4 a6 19. axb5 axb5 20. Rxa8 Rxa8 21. d6+ c4 22. Qb4 Be5 23. Be7 Qc6 24. f4 Bg7 25. f5 gxf5 26. exf5 Ra2 27. Rf2 Ra1+ 28. Rf1 d3 29. Rxa1 Bxa1 30. Qa5 Bd4+ 31. Kf1 Bb6 32. Qd2 Kf7 33. Qg5 d2 34. Qh5+ Kg8 35. Qg5+ Kf7 36. Qh5+ Kg8 37. d7 d1Q+ 1-0

[Event "Dieren op"]
[Site "Dieren"]
[Date "2019.07.25"]
[Round "3"]
[White "Munshi, Aditya"]
[Black "Zwirs, Nico"]
[Result "0-1"]
[WhiteElo "2125"]
[BlackElo "2380"]
[PlyCount "82"]
[EventDate "2019.07.23"]
[EventType "swiss"]
[EventRounds "9"]
[EventCountry "NED"]
[SourceTitle "CBM 191 Extra"]
[Source "ChessBase"]
[SourceDate "2019.09.30"]
[SourceVersion "1"]
[SourceVersionDate "2019.09.30"]
[SourceQuality "1"]

1. e4 c5 2. Nf3 e6 3. g3 Nc6 4. Bg2 Nf6 5. Qe2 Be7 6. c3 0-0 7. 0-0 d5 8. e5 Nd7 9. d4 b6 10. Na3 a5 11. Rd1 Ba6 12. Nb5 a4 13. c4 dxc4 14. Nc3 Nb4 15. d5 exd5 16. Nxd5 Nd3 17. e6 fxe6 18. Qxe6+ Rf7 19. Ne1 Ra7 20. Nxd3 cxd3 21. Be3 c4 22. Nxb6 Bc5 23. Nxd7 Bxe3 24. fxe3 Qxd7 25. Bd5 Qxe6 26. Bxe6 a3 27. bxa3 c3 28. Rac1 Rac7 29. Bb3 Kf8 30. Bxf7 Kxf7 31. Kf2 Ke6 32. e4 d2 33. Rc2 Bd3 34. Rdxd2 cxd2 35. Rxd2 Rc2 36. Rxc2 Bxc2 37. Ke3 Ke5 38. h3 Bb1 39. a4 Bxa2 40. a5 Bc4 41. g4 g5 0-1

[Event "Dieren op"]
[Site "Dieren"]
[Date "2019.07.23"]
[Round "1"]
[White "Munshi, Aditya"]
[Black "Buckels, Valentin"]
[Result "1/2-1/2"]
[WhiteElo "2125"]
[BlackElo "2451"]
[PlyCount "51"]
[EventDate "2019.07.23"]
[EventType "swiss"]
[EventRounds "9"]
[EventCountry "NED"]
[SourceTitle "CBM 191 Extra"]
[Source "ChessBase"]
[SourceDate "2019.09.30"]
[SourceVersion "1"]
[SourceVersionDate "2019.09.30"]
[SourceQuality "1"]

1. e4 e5 2. Bc4 Nf6 3. d3 c6 4. Nf3 d5 5. Bb3 Bd6 6. exd5 cxd5 7. Bg5 e4 8. dxe4 dxe4 9. Nfd2 Be5 10. Nc3 Bxc3 11. bxc3 0-0 12. 0-0 Bf5 13. Nc4 Na6 14. Qd6 Be6 15. Rad1 Bg4 16. Rd4 Be2 17. Qg3 Qe7 18. Nd6 Bxf1 19. Kxf1 Rae8 20. Nf5 Qe5 21. Nh6+ Kh8 22. Qxe5 Rxe5 23. Bxf6 gxf6 24. Nxf7+ Rxf7 25. Bxf7 Re7 26. Bc4 1/2-1/2

[Event "Paracin IM 2nd"]
[Site "Paracin"]
[Date "2019.07.17"]
[Round "7"]
[White "Abramovic, Bosko"]
[Black "Munshi, Aditya"]
[Result "1/2-1/2"]
[WhiteElo "2373"]
[BlackElo "2125"]
[PlyCount "124"]
[EventDate "2019.07.13"]
[EventType "tourn"]
[EventRounds "9"]
[EventCountry "SRB"]
[EventCategory "2"]
[SourceTitle "CBM 191 Extra"]
[Source "ChessBase"]
[SourceDate "2019.09.30"]
[SourceVersion "1"]
[SourceVersionDate "2019.09.30"]
[SourceQuality "1"]

1. c4 e5 2. Nc3 Bb4 3. Qc2 Nf6 4. a3 Bxc3 5. Qxc3 Nc6 6. e3 Qe7 7. Qc2 a5 8. b3 0-0 9. Bb2 Re8 10. d3 d5 11. cxd5 Nxd5 12. Nf3 Bg4 13. Be2 Bh5 14. 0-0 Bg6 15. Nd2 Rad8 16. Rac1 Nb6 17. Rfd1 Rd5 18. Ne4 Bxe4 19. dxe4 Rxd1+ 20. Rxd1 Rd8 21. Rxd8+ Qxd8 22. Bb5 Na7 23. Be2 Nc6 24. g3 Qd6 25. Qd3 Qe6 26. f4 f6 27. Kg2 Kf8 28. h3 Qd7 29. Qxd7 Nxd7 30. Kf3 Ke7 31. h4 Nc5 32. Bc4 Ne6 33. Bc3 Ned8 34. b4 axb4 35. axb4 exf4 36. exf4 Nb8 37. g4 Nd7 38. g5 Nf7 39. b5 Nd6 40. Bb4 Ke8 41. Bxd6 cxd6 42. Bd5 Nc5 43. gxf6 gxf6 44. h5 h6 45. Kg4 Kf8 46. Kf5 Kg7 47. b6 Na4 48. Ke6 Nxb6 49. Kxd6 Na4 50. e5 fxe5 51. fxe5 Nc3 52. Bxb7 Ne2 53. Be4 Nf4 54. Bg6 Kf8 55. Kd7 Kg8 56. Ke8 Kg7 57. Bf7 Nd3 58. e6 Ne5 59. Ke7 Nc6+ 60. Kd7 Ne5+ 61. Ke7 Nc6+ 62. Kd6 Nd4 1/2-1/2

[Event "Paracin IM 2nd"]
[Site "Paracin"]
[Date "2019.07.14"]
[Round "3"]
[White "Mitali, Madhukar Patil"]
[Black "Munshi, Aditya"]
[Result "0-1"]
[WhiteElo "2009"]
[BlackElo "2125"]
[PlyCount "78"]
[EventDate "2019.07.13"]
[EventType "tourn"]
[EventRounds "9"]
[EventCountry "SRB"]
[EventCategory "2"]
[SourceTitle "CBM 191 Extra"]
[Source "ChessBase"]
[SourceDate "2019.09.30"]
[SourceVersion "1"]
[SourceVersionDate "2019.09.30"]
[SourceQuality "1"]

1. e4 c6 2. d4 d5 3. e5 c5 4. c3 Nc6 5. Be2 Bf5 6. Nf3 e6 7. 0-0 Bg6 8. Be3 cxd4 9. cxd4 Nge7 10. Nc3 Nc8 11. Bg5 Be7 12. Bxe7 N8xe7 13. Qd2 0-0 14. Na4 Nf5 15. h3 Nh4 16. Rac1 Nxf3+ 17. Bxf3 Qh4 18. Rfd1 Nxe5 19. Be2 Nc6 20. Bb5 Ne7 21. Rc7 Nf5 22. Bd7 Nd6 23. Qb4 Ne4 24. Qe1 Qd8 25. Rdc1 Rb8 26. Qa5 Qf6 27. Qxa7 Qxf2+ 28. Kh2 Qg3+ 29. Kg1 Qf2+ 30. Kh2 Rbd8 31. Bb5 Qf4+ 32. Kg1 Qf2+ 33. Kh2 Nd2 34. R7c3 Be4 35. Rg3 Nf3+ 36. Rxf3 Bxf3 37. Rg1 Be4 38. b4 Qf4+ 39. Kh1 Qg3 0-1

[Event "Paracin IM 2nd"]
[Site "Paracin"]
[Date "2019.07.13"]
[Round "1"]
[White "Manish, Anto Cristiano F"]
[Black "Munshi, Aditya"]
[Result "1-0"]
[WhiteElo "2208"]
[BlackElo "2125"]
[PlyCount "55"]
[EventDate "2019.07.13"]
[EventType "tourn"]
[EventRounds "9"]
[EventCountry "SRB"]
[EventCategory "2"]
[SourceTitle "CBM 191 Extra"]
[Source "ChessBase"]
[SourceDate "2019.09.30"]
[SourceVersion "1"]
[SourceVersionDate "2019.09.30"]
[SourceQuality "1"]

1. d4 Nf6 2. Nc3 d5 3. Bg5 c5 4. Bxf6 gxf6 5. e4 dxe4 6. dxc5 f5 7. Qxd8+ Kxd8 8. 0-0-0+ Bd7 9. f3 Bg7 10. Nge2 exf3 11. gxf3 Bh6+ 12. Kb1 Be3 13. b4 e6 14. f4 Rg8 15. Rd3 Bf2 16. h4 Be1 17. Bg2 Rxg2 18. Rxe1 a6 19. Na4 Kc7 20. Nb6 Ra7 21. Red1 Rxe2 22. Rxd7+ Nxd7 23. Rxd7+ Kc6 24. a4 Re4 25. c3 Re1+ 26. Kb2 Rg1 27. Rd8 Rg2+ 28. Kb3 1-0

[Event "Coventry Warwickshire op"]
[Site "Coventry"]
[Date "2019.02.24"]
[Round "5"]
[White "Munshi, Aditya"]
[Black "Miller, Dominic"]
[Result "1-0"]
[WhiteElo "2108"]
[BlackElo "2063"]
[PlyCount "50"]
[EventDate "2019.02.22"]
[EventType "swiss"]
[EventRounds "5"]
[EventCountry "ENG"]
[SourceTitle "CBM 189 Extra"]
[Source "ChessBase"]
[SourceDate "2019.06.03"]
[SourceVersion "1"]
[SourceVersionDate "2019.06.03"]
[SourceQuality "1"]

1. e4 e6 2. d4 d5 3. Nd2 Nf6 4. e5 Nfd7 5. Bd3 c5 6. c3 Nc6 7. Ne2 cxd4 8. cxd4 f6 9. exf6 Nxf6 10. Nf3 Bd6 11. 0-0 Qc7 12. Nc3 a6 13. Bd2 0-0 14. Rc1 Bd7 15. Re1 Rae8 16. Na4 Qb8 17. Nc5 e5 18. dxe5 Nxe5 19. Nxe5 Bxe5 20. Nxd7 Nxd7 21. g3 Bxb2 22. Rb1 Be5 23. Qb3 Qd6 24. Be4 Kh8 25. Qxd5 b5 1-0

[Event "BCF-chT2b 1819 (4NCL)"]
[Site "England"]
[Date "2019.01.13"]
[Round "4.76"]
[White "Wilson, Jaimie"]
[Black "Munshi, Aditya"]
[Result "1/2-1/2"]
[WhiteElo "2076"]
[BlackElo "2095"]
[PlyCount "92"]
[EventDate "2018.11.10"]
[EventType "team-tourn"]
[EventRounds "11"]
[EventCountry "ENG"]
[SourceTitle "EXT 2021"]
[Source "ChessBase"]
[SourceDate "2020.10.23"]
[SourceVersion "1"]
[SourceVersionDate "2020.10.23"]
[SourceQuality "1"]
[WhiteTeam "Wessex"]
[BlackTeam "Grantham Sharks II"]
[WhiteTeamCountry "ENG"]
[BlackTeamCountry "ENG"]

1. Nf3 d5 2. c4 d4 3. b4 f6 4. Qb3 e5 5. Bb2 c5 6. bxc5 Bxc5 7. d3 Nc6 8. g3 Nge7 9. Bg2 Be6 10. 0-0 Rb8 11. Ba3 Bxa3 12. Qxa3 Qd7 13. Nbd2 Bh3 14. Ne4 0-0 15. Rab1 Bxg2 16. Kxg2 f5 17. Qd6 Qc8 18. Nc5 Rf6 19. Qd7 b6 20. Qxc8+ Rxc8 21. Na6 e4 22. dxe4 fxe4 23. Ng5 Na5 24. Nxe4 Re6 25. Ng5 Rxe2 26. Rfe1 Rxe1 27. Rxe1 Ng6 28. Re4 d3 29. Nb4 d2 30. Rd4 Nxc4 31. Nf3 Nge5 32. Nxe5 Nxe5 33. Rxd2 Rc4 34. Nd5 Ra4 35. Re2 Nc6 36. Re6 Nb4 37. Re4 a5 38. Nxb4 axb4 39. Re6 Rxa2 40. Rxb6 Rb2 41. Rb7 b3 42. h4 h5 43. Kf3 g6 44. Ke3 Kf8 45. f3 Rb1 46. Kf4 b2 1/2-1/2

[Event "Rilton Cup 48th"]
[Site "Stockholm"]
[Date "2018.12.29"]
[Round "3"]
[White "Munshi, Aditya"]
[Black "Mendonca, Leon Luke"]
[Result "0-1"]
[WhiteElo "2095"]
[BlackElo "2350"]
[PlyCount "116"]
[EventDate "2018.12.27"]
[EventType "swiss"]
[EventRounds "9"]
[EventCountry "SWE"]
[SourceTitle "CBM 188 Extra"]
[Source "ChessBase"]
[SourceDate "2019.02.26"]
[SourceVersion "1"]
[SourceVersionDate "2019.02.26"]
[SourceQuality "1"]

1. e4 c5 2. Nf3 d6 3. Bb5+ Nd7 4. d4 cxd4 5. Qxd4 a6 6. Bxd7+ Bxd7 7. c4 Rc8 8. Nc3 Nf6 9. 0-0 e6 10. b3 Be7 11. Ba3 Qa5 12. Bb2 0-0 13. Qd2 Qc5 14. a4 Rfd8 15. Ba3 Qc7 16. e5 Ne8 17. Ne4 Bc6 18. exd6 Nxd6 19. Nxd6 Bxd6 20. Bxd6 Qxd6 21. Qe3 f6 22. Ra2 e5 23. Rd2 Qc7 24. Rfd1 Kf7 25. Nh4 g6 26. Qh6 Rxd2 27. Qxd2 Ke8 28. Qe2 Rd8 29. Nf3 Rxd1+ 30. Qxd1 Ke7 31. h3 Qb6 32. Qc2 e4 33. Nd2 Qd4 34. b4 Bxa4 35. Qxe4+ Qxe4 36. Nxe4 Bc6 37. Nc3 Ke6 38. b5 axb5 39. cxb5 Be8 40. Kf1 Ke5 41. Ke2 Kd4 42. Kd2 f5 43. h4 Kc5 44. g4 Bxb5 45. gxf5 gxf5 46. Ke3 Bd7 47. Kf4 Kc4 48. Ne2 b5 49. Kg5 b4 50. Nc1 Be6 51. Kf6 Bd5 52. Kxf5 Kc3 53. Ne2+ Kd3 54. Nf4+ Kc4 55. Ke5 Bf3 56. Ne6 b3 57. Nd4 b2 58. Nxf3 Kc3 0-1

[Event "BCF-chT2b 1819 (4NCL)"]
[Site "England"]
[Date "2018.11.10"]
[Round "1.52"]
[White "Munshi, Aditya"]
[Black "Brett, Andrew"]
[Result "1-0"]
[WhiteElo "2117"]
[BlackElo "2112"]
[PlyCount "57"]
[EventDate "2018.11.10"]
[EventType "team-tourn"]
[EventRounds "11"]
[EventCountry "ENG"]
[SourceTitle "EXT 2021"]
[Source "ChessBase"]
[SourceDate "2020.10.23"]
[SourceVersion "1"]
[SourceVersionDate "2020.10.23"]
[SourceQuality "1"]
[WhiteTeam "Grantham Sharks II"]
[BlackTeam "Barbican II"]
[WhiteTeamCountry "ENG"]
[BlackTeamCountry "ENG"]

1. e4 e5 2. Nf3 Nc6 3. Bc4 Bc5 4. c3 Nf6 5. d3 0-0 6. 0-0 d5 7. exd5 Nxd5 8. a4 Bf5 9. Nbd2 Nb6 10. Bb5 Bxd3 11. Re1 Bxb5 12. axb5 Ne7 13. Nxe5 f6 14. Nef3 Ng6 15. b4 Be7 16. Qb3+ Kh8 17. c4 c6 18. bxc6 bxc6 19. Bb2 Qc8 20. h4 h5 21. Ra5 c5 22. bxc5 Bxc5 23. Ne4 Nd7 24. Nxc5 Nxc5 25. Qe3 Nb7 26. Rxh5+ Kg8 27. Qe4 f5 28. Qd5+ Rf7 29. Ng5 1-0

[Event "Telford 4NCL op"]
[Site "Telford"]
[Date "2018.11.04"]
[Round "9"]
[White "Britton, Richard"]
[Black "Munshi, Aditya"]
[Result "1-0"]
[WhiteElo "2204"]
[BlackElo "2133"]
[PlyCount "55"]
[EventDate "2018.10.31"]
[EventType "swiss"]
[EventRounds "9"]
[EventCountry "ENG"]
[SourceTitle "CBM 187 Extra"]
[Source "ChessBase"]
[SourceDate "2018.11.04"]
[SourceVersion "1"]
[SourceVersionDate "2018.11.04"]
[SourceQuality "1"]

1. e4 c6 2. d3 d5 3. Nd2 e5 4. Ngf3 Bd6 5. g3 Nf6 6. Bg2 0-0 7. 0-0 Re8 8. b3 a5 9. a4 Na6 10. Bb2 Nb4 11. Re1 Qc7 12. d4 Bg4 13. h3 dxe4 14. Nxe4 Nxe4 15. hxg4 Nxf2 16. Kxf2 e4 17. Ne5 f6 18. Rxe4 fxe5 19. dxe5 Bxe5 20. Bxe5 Rxe5 21. Qd4 Rxe4 22. Bxe4 Rf8+ 23. Kg2 Qf7 24. Rd1 Na6 25. Kh3 Nc7 26. Bd3 Kh8 27. Rf1 Qe7 28. Qe4 1-0

[Event "Telford 4NCL op"]
[Site "Telford"]
[Date "2018.11.03"]
[Round "7"]
[White "Gourlay, Iain"]
[Black "Munshi, Aditya"]
[Result "1/2-1/2"]
[WhiteElo "2358"]
[BlackElo "2133"]
[PlyCount "52"]
[EventDate "2018.10.31"]
[EventType "swiss"]
[EventRounds "9"]
[EventCountry "ENG"]
[SourceTitle "CBM 187 Extra"]
[Source "ChessBase"]
[SourceDate "2018.11.04"]
[SourceVersion "1"]
[SourceVersionDate "2018.11.04"]
[SourceQuality "1"]

1. Nf3 d5 2. g3 Bg4 3. Bg2 Nd7 4. c4 e6 5. cxd5 exd5 6. Qb3 Nc5 7. Qe3+ Be7 8. d4 Nd7 9. Qb3 Nb6 10. Nc3 Nf6 11. Ne5 Be6 12. 0-0 0-0 13. Rd1 c6 14. Bf4 Nh5 15. Be3 Bd6 16. Qc2 Qe7 17. b3 Rac8 18. Nd3 Bf5 19. Qd2 Rfe8 20. Bf3 Nf6 21. Bg5 h6 22. Bxf6 Qxf6 23. Nc5 Rc7 24. Rac1 Rce7 25. Re1 Bxc5 26. dxc5 Nd7 1/2-1/2

[Event "Wch U14"]
[Site "Porto Carras"]
[Date "2018.10.24"]
[Round "6"]
[White "Horobrijs, Daniils"]
[Black "Munshi, Aditya"]
[Result "1-0"]
[WhiteElo "1918"]
[BlackElo "2133"]
[PlyCount "193"]
[EventDate "2018.10.20"]
[EventType "swiss"]
[EventRounds "11"]
[EventCountry "GRE"]
[SourceTitle "CBM 187 Extra"]
[Source "ChessBase"]
[SourceDate "2018.11.04"]
[SourceVersion "1"]
[SourceVersionDate "2018.11.04"]
[SourceQuality "1"]

1. e4 c5 2. Nf3 d6 3. d4 cxd4 4. Nxd4 Nf6 5. Nc3 a6 6. Be2 e5 7. Nb3 Be7 8. 0-0 0-0 9. Be3 Be6 10. f4 exf4 11. Bxf4 Nc6 12. Kh1 Rc8 13. Nd4 Ne5 14. a3 Re8 15. Qd2 Nc4 16. Bxc4 Bxc4 17. Rfe1 Nh5 18. Nf5 Nxf4 19. Qxf4 Bf8 20. Rad1 Qf6 21. Qg3 Rcd8 22. Ne3 Be6 23. Ned5 Bxd5 24. Rxd5 Re6 25. Rf5 Qg6 26. Qf4 Rde8 27. Rf1 f6 28. Qf3 Qf7 29. Rf4 Be7 30. Nd5 Bd8 31. c4 Qg6 32. Rg4 Qf7 33. b4 Re5 34. h3 Kh8 35. Ne3 g6 36. Nd5 R8e6 37. Rf4 Kg7 38. Ne3 Qe8 39. Ng4 Rxe4 40. Rxe4 Rxe4 41. Nxf6 Bxf6 42. Qxf6+ Kg8 43. Qxd6 Re1 44. Qd5+ Kh8 45. Rxe1 Qxe1+ 46. Kh2 Qe7 47. c5 h5 48. Qd6 Qe4 49. Qf8+ Kh7 50. Qf3 Qe5+ 51. Kg1 Qe1+ 52. Qf1 Qe3+ 53. Kh2 Qe5+ 54. Kh1 Qe4 55. b5 axb5 56. Qxb5 Qe1+ 57. Kh2 Qe5+ 58. g3 Qd5 59. Qb2 Kg8 60. Qc2 Kh7 61. a4 Qc6 62. h4 Kg7 63. Qc4 Kh7 64. a5 Qf3 65. a6 Qf2+ 66. Kh3 Qf3 67. Kh2 Qf2+ 68. Kh1 Qf3+ 69. Kg1 Qxg3+ 70. Kf1 Qf3+ 71. Ke1 Qe3+ 72. Kd1 Qf3+ 73. Kd2 Qf2+ 74. Kc1 Qe3+ 75. Kc2 Qf2+ 76. Kb3 Qg3+ 77. Ka4 Qb8 78. Qf7+ Kh6 79. Qxb7 Qf4+ 80. Qb4 Qc7 81. Qd2+ Kh7 82. Qd6 Qf7 83. Kb5 Qb3+ 84. Ka5 Qa3+ 85. Kb6 Qb3+ 86. Ka7 Qf7+ 87. Kb8 Qe8+ 88. Kb7 Qe4+ 89. c6 Qb1+ 90. Ka7 Qg1+ 91. Kb7 Qb1+ 92. Ka8 Qa2 93. c7 Qg2+ 94. Ka7 Qf2+ 95. Qb6 Qf8 96. c8Q Qf7+ 97. Qbc7 1-0

[Event "Wch U14"]
[Site "Porto Carras"]
[Date "2018.10.21"]
[Round "3"]
[White "Munshi, Aditya"]
[Black "Trushko, Andrii"]
[Result "1-0"]
[WhiteElo "2133"]
[BlackElo "1906"]
[PlyCount "85"]
[EventDate "2018.10.20"]
[EventType "swiss"]
[EventRounds "11"]
[EventCountry "GRE"]
[SourceTitle "CBM 187 Extra"]
[Source "ChessBase"]
[SourceDate "2018.11.04"]
[SourceVersion "1"]
[SourceVersionDate "2018.11.04"]
[SourceQuality "1"]

1. e4 e6 2. d4 d5 3. Nd2 Be7 4. Ngf3 b6 5. Bd3 Bb7 6. e5 c5 7. c3 Qd7 8. Nf1 Ba6 9. Ng3 Bxd3 10. Qxd3 Nc6 11. 0-0 c4 12. Qe3 b5 13. Qf4 a5 14. Qg4 g6 15. h4 a4 16. h5 Bf8 17. Qh3 Bh6 18. Rb1 Na5 19. Nh2 0-0-0 20. Nf3 Bxc1 21. Rfxc1 Nh6 22. Nd2 Nf5 23. Nxf5 gxf5 24. b3 axb3 25. axb3 Nxb3 26. Nxb3 cxb3 27. Rxb3 Kc7 28. Rcb1 Rb8 29. Qd3 Rhc8 30. Rxb5 Rxb5 31. Rxb5 Kd8 32. Rb6 Ke8 33. Qg3 Qc7 34. Rb3 h6 35. Qg8+ Ke7 36. Qg7 Qd7 37. Qf6+ Ke8 38. Qh8+ Ke7 39. Qf6+ Ke8 40. Qxh6 Qa4 41. Rb7 Qa3 42. Qh8+ Qf8 43. Qf6 1-0